Sports Quiz

Random Sports Quiz

MLB- Top 50 Total Base leaders Quiz Stats

 Plays Quiz not verified by Sporcle

Score 0/50 Timer 12:00
0 Plays Today
Main Team (s) Player % Correct
MLN/ATLHank Aaron
98.8%
SFGBarry Bonds
98.8%
STLStan Musial
97.6%
SFG/NYGWillie Mays
97.6%
BOSTed Williams
95.3%
CHCBilly Williams
95.3%
SEA/CINKen Griffey Jr
94.7%
CLETy Cobb
93.5%
NYYLou Gehrig
92.9%
BOSCarl Yastrzemski
92.6%
BALCal Ripken Jr
92.6%
BAL/TEXRafael Palmeiro
92.4%
BALFrank Robinson
92.4%
KCRGeorge Brett
92.4%
CINPete Rose
92.1%
BOS/PHAJimmie Foxx
92.1%
OAK/NYYReggie Jackson
92.1%
BOS*Manny Ramirez
91.5%
ATLChipper Jones
91.5%
CHWFrank Thomas
91.2%
TEXIvan Rodriguez
91.2%
NYY/SEAAlex Rodriguez
90.9%
MILRobin Yount
90.9%
PITRoberto Clemente
90.6%
HOUCraig Biggio
90.3%
Main Team (s) Player % Correct
DETBabe Ruth
89.4%
CHCErnie Banks
89.1%
NYYMickey Mantle
88.8%
CHC/MONAndre Dawson
87.9%
NYGMel Ott
87.4%
CLEJim Thome
87.4%
CHCSammy Sosa
87.1%
DETAl Kaline
85.6%
BALEddie Murray
85.3%
PITHonus Wagner
85.3%
NYY/SDPDave Winfield
85%
MON/LAAVladimir Guerrero
85%
FLA/LADGary Sheffield
84.4%
MILPaul Molitor
82.4%
NYYDerek Jeter
81.2%
OAK/NYYRickey Henderson
78.8%
CLE/BOSTris Speaker
78.5%
TOR/ATL/TBFred McGriff
78.2%
STLRogers Hornsby
72.9%
PHI/CLENap Lajoie
65.9%
PITPaul Waner
65.3%
CINTony Perez
62.4%
PHAAl Simmons
56.8%
PITDave Parker
42.4%
CHWHarold Baines
40.3%

You're not logged in!

Compare scores with friends on all Sporcle quizzes.
OR
Log In

Show Comments

Extras

Created Feb 26, 2012ReportNominate
Tags:base, player, team, Top 50, total

Top Quizzes Today


Score Distribution

Your Account Isn't Verified!

In order to create a playlist on Sporcle, you need to verify the email address you used during registration. Go to your Sporcle Settings to finish the process.

Report this User

Report this user for behavior that violates our Community Guidelines.

Details: